Countries of Europe: 1800 Quiz Stats

 Plays Quiz not verified by Sporcle

Also try: Go the Distance
Challenge
Share
Tweet
Score 0/30 Timer 10:00
10 Plays Today
% Correct
Great Britain
99%
France
98.4%
Spain
98.1%
Russia
97.7%
Portugal
97.4%
Sweden
97.1%
Denmark
97.1%
Netherlands
95.4%
Ottoman Empire
95.2%
Andorra
93.6%
Austria
92.9%
Switzerland
89.9%
Monaco
86.1%
Prussia
84.2%
Naples
77.6%
% Correct
Bavaria
67.7%
Papal States
57.6%
San Marino
54.4%
Tuscany
52.9%
Saxony
52.5%
Holy Roman Empire
50.3%
Hanover
38.3%
Piedmont-Sardinia
38.2%
Mecklenburg
24.8%
Ragusa
20.6%
Wurttemberg
19.9%
Ligurian Republic
16.4%
Lucca
15.6%
Cisalpine Republic
7.9%
Septinsular Republic
6.5%

You're not logged in!

Compare scores with friends on all Sporcle quizzes.
Join for Free
OR
Log In

You Might Also Like...

Show Comments

Extras

Top Quizzes Today


Score Distribution

Your Account Isn't Verified!

In order to create a playlist on Sporcle, you need to verify the email address you used during registration. Go to your Sporcle Settings to finish the process.

Report this User

Report this user for behavior that violates our Community Guidelines.

Details: